Southville International School and Colleges
Your cart is empty.
  • Cart
  • Lists
    Public lists Eva Luna New books Lux_list list_1
    Your lists Log in to create your own lists
  • Log in to your account
  • Your cookies
  • Search history
Southville International School and Colleges
  • Advanced search
  • Recent comments
  • Most popular
  • Libraries

Log in to your account

Log in with GOOGLE


If you do not have an external account, but do have a local account, you can still log in:

  1. Home
  2. MARC view: A first myths story book /
Normal view MARC view ISBD view

A first myths story book / (Record no. 111333)

[ view plain ]
MARC details
000 -LEADER
fixed length control field 00536nam a2200193 a 4500
001 - CONTROL NUMBER
control field 2673
005 - DATE AND TIME OF LATEST TRANSACTION
control field 20140414131913.0
008 - FIXED-LENGTH DATA ELEMENTS--GENERAL INFORMATION
fixed length control field 040109s19uu xx 00 eng d
020 ## - INTERNATIONAL STANDARD BOOK NUMBER
International Standard Book Number 0-7513-5889-4
050 ## - LIBRARY OF CONGRESS CALL NUMBER
Classification number ER
Item number F44 1999
100 ## - MAIN ENTRY--PERSONAL NAME
Personal name Hoffman, Mary
245 ## - TITLE STATEMENT
Title A first myths story book /
Statement of responsibility, etc Mary Hoffman.
260 ## - PUBLICATION, DISTRIBUTION, ETC. (IMPRINT)
Place of publication, distribution, etc London :
Name of publisher, distributor, etc Dorling Kindersley Book,
Date of publication, distribution, etc 1999.
300 ## - PHYSICAL DESCRIPTION
Extent 48 p. ; cm.
520 ## - SUMMARY, ETC.
Summary, etc Myths and legends from around the world for the very young.
650 ## - SUBJECT ADDED ENTRY--TOPICAL TERM
Topical term or geographic name as entry element Myths.
650 ## - SUBJECT ADDED ENTRY--TOPICAL TERM
Topical term or geographic name as entry element Legends.
Holdings
Withdrawn status Lost status Damaged status Home library Current library Shelving location Date acquired Source of acquisition Total Checkouts Full call number Barcode Date last seen Price effective from Koha item type
      Munich Library Munich Library Easy Reading Section 01/09/2004     ER F44 1999 M2009 04/14/2014 04/14/2014 Books

A first myths story book /

APA

Hoffman M., . (1999). A first myths story book. London: Dorling Kindersley Book.

Chicago

Hoffman Mary, . 1999. A first myths story book. London: Dorling Kindersley Book.

Harvard

Hoffman M., . (1999). A first myths story book. London: Dorling Kindersley Book.

MLA

Hoffman Mary, . A first myths story book. London: Dorling Kindersley Book. 1999.

  • Place hold
  • Print
  • Cite
  • Add to your cart (remove)
  • Save record
    BIBTEX Dublin Core MARCXML MARC (non-Unicode/MARC-8) MARC (Unicode/UTF-8) MARC (Unicode/UTF-8, Standard) MODS (XML) RIS
  • More searches
    Search for this title in:
    Other Libraries (WorldCat) Other Databases (Google Scholar) Online Stores (Bookfinder.com) Open Library (openlibrary.org)

Exporting to Dublin Core...

SOUTHVILLE LIBRARY

Southville International School and Colleges Library

1281 Tropical Ave. Cor. Luxembourg St., BF Homes International, Las Pinas City

Tel. No. 8256374 / 252358 Loc. 117/146

Powered by Koha